[Event "Elit(Rockaden, Sthlm-Stockholms SS)"]
[Site "?"]
[Date "2024.01.20"]
[Round "5"]
[White "Renman, Nils-Gustaf"]
[Black "Kenneskog, Theodor"]
[Result "0-1"]
[WhiteElo "2325"]
[BlackElo "2364"]
[PlyCount "64"]

1. d4 Nf6 2. c4 e6 3. Nf3 d5 4. Nc3 c5 5. cxd5 Nxd5 6. e4 Nxc3 7. bxc3 cxd4 8.
cxd4 Bb4+ 9. Bd2 Bxd2+ 10. Qxd2 O-O 11. Bc4 Nd7 12. O-O b6 13. e5 Bb7 14. Qf4
Rc8 15. Bd3 f5 16. Rfc1 Bd5 17. a4 Nb8 18. Nd2 Rxc1+ 19. Rxc1 Qd7 20. Bb5 Bc6
21. Nc4 Bxb5 22. axb5 Qxb5 23. Nd6 Qa4 24. g4 Nc6 25. Rxc6 Qxc6 26. gxf5 a5 27.
Qg5 exf5 28. Qe7 h6 29. h4 a4 30. Qe6+ Kh7 31. Qe7 Qa8 32. Nb5 Rc8 0-1

[Event "Elit(Vaxjo-LASK)"]
[Site "?"]
[Date "2024.01.20"]
[Round "5"]
[White "Mauritsson, Sebastian"]
[Black "Olofsson-Dolk, Mattis"]
[Result "1-0"]
[WhiteElo "2389"]
[BlackElo "2210"]
[PlyCount "95"]
[SourceVersionDate "2024.01.28"]

1. e4 c5 2. Nc3 d6 3. f4 g6 4. Nf3 Bg7 5. Bc4 Nc6 6. d3 Na5 7. Bb5+ Bd7 8.
Bxd7+ Qxd7 9. O-O Nf6 10. Qe1 Nc6 11. Qh4 Ng4 12. h3 h5 13. Qg3 Nf6 14. e5 h4
15. Qf2 Nh5 16. exd6 Qxd6 17. Ne4 Qd5 18. Qxc5 Qxc5+ 19. Nxc5 Nd4 20. c3 Ne2+
21. Kh2 Nxc1 22. Raxc1 Nxf4 23. d4 Bh6 24. Rce1 b6 25. Ne4 Nd3 26. Re2 Nf4 27.
Rc2 Nd5 28. Re1 Bf4+ 29. Kg1 f5 30. Nf2 Bg3 31. Rce2 Kf8 32. Ng5 Rh5 33. Ne6+
Kf7 34. Rf1 f4 35. Ng4 b5 36. Re4 Nf6 37. Nxf6 exf6 38. Nxf4 Bxf4 39. Rfxf4 g5
40. Rf5 a6 41. Rc5 Rhh8 42. Rc6 Rhc8 43. Ree6 Rxc6 44. Rxc6 a5 45. Kf2 Ra7 46.
Kf3 Kg6 47. Rb6 b4 48. c4 1-0

[Event "Elit(Rockaden, Sthlm-Stockholms SS)"]
[Site "?"]
[Date "2024.01.20"]
[Round "5"]
[White "Wiedenkeller, Michael"]
[Black "Tuomainen, Felix"]
[Result "1-0"]
[WhiteElo "2421"]
[BlackElo "2219"]
[PlyCount "81"]

1. d4 Nf6 2. Bg5 d5 3. Bxf6 gxf6 4. e3 c5 5. dxc5 Nc6 6. Nf3 e6 7. Be2 Bxc5 8.
O-O O-O 9. c4 d4 10. exd4 Nxd4 11. Nxd4 Qxd4 12. Qc2 Bd7 13. Nd2 Bc6 14. Nb3
Qe5 15. Nxc5 Qxc5 16. Qc3 Qe5 17. Qxe5 fxe5 18. Rfd1 Rfd8 19. Rxd8+ Rxd8 20.
Rd1 Rxd1+ 21. Bxd1 Kg7 22. f3 Kf6 23. Kf2 e4 24. f4 e5 25. Ke3 Ke6 26. g4 f5
27. g5 a5 28. h4 a4 29. b4 axb3 30. axb3 b5 31. cxb5 Bxb5 32. b4 Bc4 33. h5 Kd6
34. b5 exf4+ 35. Kxf4 e3 36. Kxe3 Ke5 37. b6 Ba6 38. Bc2 Bb7 39. h6 f4+ 40. Kf2
f3 41. g6 1-0

[Event "Elit(Kungstornet-Orgryte)"]
[Site "?"]
[Date "2024.01.20"]
[Round "5"]
[White "Amar, Elham"]
[Black "Lyrberg, Patrik"]
[Result "1-0"]
[WhiteElo "2555"]
[BlackElo "2451"]
[PlyCount "81"]
[SourceVersionDate "2024.01.27"]

1. e4 e6 2. d4 d5 3. e5 c5 4. c3 Nc6 5. Nf3 Nge7 6. Na3 Nf5 7. Nc2 Nh4 8. Nxh4
Qxh4 9. Be2 Bd7 10. O-O g6 11. Be3 Qd8 12. Qd2 cxd4 13. cxd4 Qa5 14. Qd1 Be7
15. a3 f5 16. exf6 Bxf6 17. b4 Qb6 18. Qd2 O-O 19. a4 Rac8 20. a5 Qd8 21. a6 b6
22. Na3 Ne7 23. g4 e5 24. dxe5 Bxe5 25. Rac1 Rxc1 26. Rxc1 Qb8 27. h3 Qd6 28.
Nc4 Bh2+ 29. Kg2 Qb8 30. Bf3 Rxf3 31. Kxf3 Bc6 32. Nxb6 d4+ 33. Rxc6 Nxc6 34.
Bxd4 axb6 35. Bc3 Qd6 36. Qxd6 Bxd6 37. Ke4 Na7 38. Kd5 Be7 39. Be5 Bxb4 40.
Bb8 Nc8 41. Kc6 1-0

[Event "Elit(Wasa-Vasteras)"]
[Site "?"]
[Date "2024.01.20"]
[Round "5"]
[White "Carlsson, Ludvig"]
[Black "Meshkovs, Nikita"]
[Result "0-1"]
[WhiteElo "2361"]
[BlackElo "2532"]
[PlyCount "88"]

1. d4 Nf6 2. c4 e6 3. Nf3 d5 4. Nc3 dxc4 5. e3 a6 6. a4 b6 7. Bxc4 Bb7 8. O-O
Bb4 9. Qe2 O-O 10. Rd1 Nbd7 11. Na2 Bd6 12. Nc3 Qe7 13. e4 e5 14. d5 Nh5 15. g3
g6 16. Bh6 Rfe8 17. Nh4 Ndf6 18. Rac1 Bc8 19. Bg5 Qd7 20. f3 Kg7 21. Kh1 h6 22.
Be3 Nh7 23. Qd2 Ng5 24. Bf1 Qe7 25. Bd3 Kh7 26. Ne2 Bd7 27. b3 b5 28. axb5 axb5
29. Nc3 Reb8 30. Qe2 Ra3 31. Rb1 Bc5 32. Bc1 Ra5 33. Rb2 b4 34. Nb1 Nh3 35. Be3
N3f4 36. Bxf4 exf4 37. e5 fxg3 38. Qe4 Qg5 39. Rg2 Bh3 40. Rgg1 Bxg1 41. Rxg1
Ra2 42. Bc2 g2+ 43. Nxg2 Bxg2+ 44. Rxg2 Qc1+ 0-1

[Event "Elit(Eksjo-Limhamn)"]
[Site "?"]
[Date "2024.01.20"]
[Round "5"]
[White "Domingo Nunez, Ruben"]
[Black "Gdanski, Jacek"]
[Result "1/2-1/2"]
[WhiteElo "2439"]
[BlackElo "2490"]
[PlyCount "69"]
[SourceVersionDate "2024.01.28"]

1. e4 c5 2. Nf3 Nc6 3. d4 cxd4 4. Nxd4 g6 5. Nc3 Bg7 6. Be3 Nf6 7. Bc4 O-O 8.
Bb3 Re8 9. O-O d6 10. h3 Nxd4 11. Bxd4 Be6 12. Bxe6 fxe6 13. e5 dxe5 14. Bxe5
Qxd1 15. Raxd1 Rac8 16. Rfe1 a6 17. Rd3 Red8 18. Rxd8+ Rxd8 19. Rd1 Rc8 20. Ne2
Rxc2 21. Nd4 Rc5 22. f4 Kf7 23. Nf3 Ke8 24. b4 Rc4 25. Ng5 Bh6 26. Nxe6 Nh5 27.
Rd8+ Kf7 28. Ng5+ Bxg5 29. fxg5 Ke6 30. Bb8 Rxb4 31. Rh8 Rb1+ 32. Kf2 Rb2+ 33.
Kf3 Rxa2 34. g4 Ra3+ 35. Kg2 1/2-1/2

[ePGN "0.1;DGT LiveChess/2.2.6"]

[Event "Elit(Kungstornet-Orgryte)"]
[Site "?"]
[Date "2024.01.20"]
[Round "5"]
[White "Cicak, Slavko"]
[Black "Olsson, William"]
[Result "1-0"]
[WhiteElo "2490"]
[BlackElo "2379"]
[PlyCount "73"]
[EventDate "2024.??.??"]
[SourceVersionDate "2024.02.02"]

1. c4 Nf6 2. Nf3 c6 3. Qa4 e6 4. g3 d5 5. d3 Nbd7 6. Bg2 a5 7. O-O Bd6 8. cxd5
exd5 9. Qc2 O-O 10. e4 Re8 11. Re1 dxe4 12. dxe4 Bc5 13. h3 Qe7 14. Nc3 Nb6 15.
Bg5 Qf8 16. Bxf6 gxf6 17. e5 fxe5 18. Nxe5 Be6 19. Nd3 Bf5 20. Be4 Bxe4 21.
Nxe4 Bd4 22. Nf4 Nd5 23. Rad1 Qb4 24. Nd3 Qb6 25. Nd6 Rxe1+ 26. Rxe1 Rd8 27.
Nf5 Bf6 28. Qe2 Rf8 29. Ne5 Qc7 30. Ng4 Qd8 31. Ngh6+ Kh8 32. Qh5 Qd7 33. Re2
b5 34. Kh2 a4 35. Ng4 Rg8 36. Nfh6 Rg6 37. Qf5 1-0

[Event "Elit(Wasa-Vasteras)"]
[Site "?"]
[Date "2024.01.20"]
[Round "5"]
[White "Hellers, Ferdinand"]
[Black "Akesson, Ralf"]
[Result "1/2-1/2"]
[WhiteElo "2591"]
[BlackElo "2389"]
[PlyCount "83"]

1. e4 c5 2. Nf3 e6 3. d4 cxd4 4. Nxd4 Nc6 5. Nc3 Qc7 6. Be3 a6 7. Qd2 Nf6 8. f3
h5 9. O-O-O Be7 10. Bd3 d6 11. f4 Bd7 12. Rhe1 Nxd4 13. Bxd4 Bc6 14. Kb1 b5 15.
e5 dxe5 16. fxe5 Ng4 17. Be4 Rd8 18. h3 Bxe4 19. Rxe4 b4 20. hxg4 bxc3 21. Qe2
Qc6 22. b3 a5 23. gxh5 a4 24. g4 Bg5 25. b4 a3 26. Rd3 Bd2 27. Bc5 Rb8 28. Ka1
Qa4 29. Rxd2 cxd2 30. Qxd2 Rd8 31. Bd6 g6 32. Re1 Qc6 33. Qd3 gxh5 34. b5 Qg2
35. b6 h4 36. Qb5+ Rd7 37. Rb1 Qb7 38. c4 h3 39. c5 Qd5 40. Qa4 Qd3 41. Qa8+
Rd8 42. Qa4+ 1/2-1/2

[Event "Elit(Eksjo-Limhamn)"]
[Site "?"]
[Date "2024.01.20"]
[Round "5"]
[White "Heberla, Bartlomiej"]
[Black "Garriga Cazorla, Pere"]
[Result "1-0"]
[WhiteElo "2546"]
[BlackElo "2466"]
[PlyCount "111"]
[SourceVersionDate "2024.01.28"]

1. d4 Nf6 2. c4 e6 3. Nf3 d5 4. Nc3 dxc4 5. e4 b5 6. e5 Nd5 7. Nxb5 Nb6 8. Be2
Nc6 9. Be3 Qd7 10. Nc3 Bb7 11. a3 Ne7 12. Qc2 Nf5 13. Rd1 Be7 14. O-O O-O 15.
Rd2 Rad8 16. Rfd1 Qc8 17. Bf4 c5 18. dxc5 Qxc5 19. Rxd8 Rxd8 20. Rxd8+ Bxd8 21.
Na4 Nxa4 22. Qxa4 Bb6 23. Qe8+ Qf8 24. Qxf8+ Kxf8 25. Bxc4 Bxf3 26. gxf3 Bd4
27. b4 Nh4 28. Be2 Ng6 29. Be3 Bxe3 30. fxe3 Nxe5 31. f4 Nd7 32. Kf2 Ke7 33.
Bb5 Nf6 34. Kf3 h6 35. h4 Nd5 36. e4 Nc3 37. Bd3 f6 38. h5 Kd6 39. Ke3 Na4 40.
Bc2 Nb6 41. Bb3 Nd7 42. a4 Nf8 43. a5 g6 44. hxg6 Nxg6 45. Bxe6 Ne7 46. Bf7 Nc6
47. b5 Nxa5 48. Bd5 Kc7 49. f5 Nb7 50. Bxb7 Kxb7 51. e5 Kc7 52. e6 Kd6 53. Kf3
Ke7 54. Kg4 Kf8 55. Kh5 Kg7 56. e7 1-0

[Event "Elit(Kungstornet-Orgryte)"]
[Site "?"]
[Date "2024.01.20"]
[Round "5"]
[White "Torngren, Gustav"]
[Black "Eriksson, Johan"]
[Result "0-1"]
[WhiteElo "2276"]
[BlackElo "2383"]
[PlyCount "66"]
[EventDate "2024.??.??"]
[SourceVersionDate "2024.02.02"]

1. Nf3 Nf6 2. g3 g6 3. Bg2 Bg7 4. O-O O-O 5. c4 d6 6. d4 Nc6 7. Nc3 a6 8. b3
Rb8 9. a4 a5 10. Bb2 Nb4 11. Qd2 Bf5 12. Nh4 Bd7 13. h3 c6 14. Kh2 e5 15. e3
Re8 16. f4 exd4 17. exd4 b5 18. axb5 cxb5 19. Rac1 bxc4 20. bxc4 Rc8 21. Nb5
Bxb5 22. cxb5 Qb6 23. Rxc8 Rxc8 24. Rc1 Rxc1 25. Qxc1 Qxb5 26. Qc8+ Bf8 27. f5
Qd7 28. Qa8 g5 29. d5 gxh4 30. Bxf6 hxg3+ 31. Kg1 Qxf5 32. Bd4 Qb1+ 33. Bf1 Qc2
0-1

[Event "Elit(Wasa-Vasteras)"]
[Site "?"]
[Date "2024.01.20"]
[Round "5"]
[White "Bergstrom, Peter"]
[Black "Amin, Bassem"]
[Result "0-1"]
[WhiteElo "2311"]
[BlackElo "2661"]
[PlyCount "76"]

1. e4 e5 2. Nf3 Nc6 3. Nc3 Nf6 4. d4 Bb4 5. d5 Ne7 6. Bd3 d6 7. Bd2 O-O 8. a3
Ba5 9. h3 c6 10. dxc6 bxc6 11. Ne2 Ng6 12. O-O Bb6 13. Ng3 Nf4 14. Qc1 N6h5 15.
Nxh5 Nxh5 16. Be3 Qf6 17. Bxb6 axb6 18. Qg5 Qxg5 19. Nxg5 Nf4 20. Rfd1 f6 21.
Nf3 d5 22. exd5 cxd5 23. Bf1 d4 24. Rac1 Bb7 25. Ne1 Rfc8 26. g3 Ne6 27. h4 Kf8
28. Bg2 Bxg2 29. Kxg2 e4 30. f3 f5 31. Kf1 Ke7 32. Ng2 Rc6 33. Re1 Rf8 34. Kg1
Rfc8 35. fxe4 d3 36. exf5 d2 37. fxe6 dxc1=Q 38. Rxc1 Rxc2 0-1

[Event "Elit(Eksjo-Limhamn)"]
[Site "?"]
[Date "2024.01.20"]
[Round "5"]
[White "Johansson, Linus"]
[Black "Vernersson, Per"]
[Result "1-0"]
[WhiteElo "2428"]
[BlackElo "2259"]
[PlyCount "143"]
[SourceVersionDate "2024.01.28"]

1. d4 d5 2. c4 e6 3. Nc3 Nf6 4. cxd5 exd5 5. Bg5 c6 6. e3 Be7 7. Bd3 Nbd7 8. h3
Nf8 9. Bf4 Bd6 10. Nge2 Ng6 11. Bg3 O-O 12. a3 Re8 13. Qc2 Bxg3 14. Nxg3 Nh4
15. O-O Qd6 16. Nce2 Bd7 17. Qc5 Qxc5 18. dxc5 Ne4 19. Bxe4 dxe4 20. Rfd1 Be6
21. Nf4 Ng6 22. Nxg6 hxg6 23. Nxe4 Bb3 24. Rd4 a5 25. a4 Re5 26. Nd2 Be6 27.
Rc1 Kf8 28. e4 Rh5 29. Kf1 Ke7 30. Ke2 Rd8 31. Rxd8 Kxd8 32. Rc3 Kc7 33. Nf3 f6
34. Nd4 Bf7 35. f4 Rh8 36. Re3 Rd8 37. Kd3 b6 38. cxb6+ Kxb6 39. Kc3 c5 40. Nf3
Kc6 41. Nd2 Rd4 42. b3 Rb4 43. Rg3 c4 44. Nxc4 Bxc4 45. bxc4 Kc5 46. Rxg6 Rxc4+
47. Kd3 Rxa4 48. Rxg7 Ra3+ 49. Ke2 Kd4 50. Rf7 Kxe4 51. Rxf6 Ra2+ 52. Kf1 a4
53. Kg1 a3 54. Kh2 Rc2 55. Ra6 a2 56. h4 Kxf4 57. Ra4+ Kf5 58. Kh3 Rb2 59. g3
Rc2 60. Ra5+ Kg6 61. h5+ Kh6 62. Kh4 Rh2+ 63. Kg4 Rc2 64. Ra6+ Kh7 65. Kh4 Rb2
66. g4 Kg7 67. h6+ Kf7 68. Kh5 Rg2 69. Kg5 Rc2 70. Ra7+ Kg8 71. Kh5 Rb2 72. g5
1-0

[Event "Elit(Kungstornet-Orgryte)"]
[Site "?"]
[Date "2024.01.20"]
[Round "5"]
[White "Aronsson, Marten"]
[Black "Frisk Kockum, Anton"]
[Result "1/2-1/2"]
[WhiteElo "2286"]
[BlackElo "2314"]
[PlyCount "92"]
[EventDate "2024.??.??"]
[SourceVersionDate "2024.02.02"]

1. d4 f5 2. g3 Nf6 3. Bg2 g6 4. Nc3 Bg7 5. Bg5 h6 6. Bxf6 exf6 7. e3 O-O 8.
Nge2 c6 9. d5 Re8 10. Qd3 Na6 11. O-O-O Qe7 12. h4 h5 13. Kb1 Qf7 14. Nf4 Bf8
15. Rhe1 Bb4 16. a3 Nc5 17. Qd4 Bxc3 18. Qxc3 Ne4 19. Bxe4 fxe4 20. dxc6 dxc6
21. Rd6 Kg7 22. Red1 Bg4 23. R1d4 Re5 24. b3 Rae8 25. Kb2 a5 26. a4 Bf5 27. Qd2
g5 28. Ne2 Be6 29. Nc3 f5 30. hxg5 c5 31. f4 exf3 32. Rf4 Qg6 33. Rxf3 Qxg5 34.
Ne2 Bf7 35. Nf4 Qg4 36. Qf2 c4 37. Rd4 Re4 38. Ne2 cxb3 39. cxb3 Qg6 40. Rxe4
fxe4 41. Rf4 Re5 42. Nd4 Bg8 43. Rf5 Rxf5 44. Nxf5+ Kh8 45. Nd4 Qg5 46. Kc3
Qc5+ 1/2-1/2

[Event "Elit(Wasa-Vasteras)"]
[Site "?"]
[Date "2024.01.20"]
[Round "5"]
[White "Berg, Emanuel"]
[Black "Landgren, Andreas"]
[Result "1/2-1/2"]
[WhiteElo "2504"]
[BlackElo "2228"]
[PlyCount "92"]

1. e4 e5 2. Nf3 Nc6 3. d4 exd4 4. Nxd4 Nf6 5. Nc3 Bb4 6. Nxc6 bxc6 7. Bd3 O-O
8. O-O d5 9. exd5 Bg4 10. Be2 Bxe2 11. Nxe2 cxd5 12. Nd4 Qd7 13. Qf3 Rfe8 14.
Nf5 Bf8 15. Be3 c5 16. Rad1 Qe6 17. b3 d4 18. Bd2 Ne4 19. Ng3 g6 20. Nxe4 Qxe4
21. Qxe4 Rxe4 22. Rfe1 Rae8 23. Rxe4 Rxe4 24. Re1 f5 25. f3 Rxe1+ 26. Bxe1 Kf7
27. Kf1 Ke6 28. Ke2 Kd5 29. Kd3 a6 30. h3 h5 31. Bd2 Be7 32. Bf4 Bf8 33. Bg5
Bd6 34. Bh6 Be7 35. Bc1 Bf8 36. Bf4 Be7 37. Bh6 Bd6 38. Bd2 Be7 39. Ba5 Bd6 40.
Be1 Be7 41. c3 dxc3 42. Bxc3 Bf8 43. Bh8 Bd6 44. Bc3 Bf8 45. Bh8 Bd6 46. Bc3
Bf8 1/2-1/2

[Event "Elit(Eksjo-Limhamn)"]
[Site "?"]
[Date "2024.01.20"]
[Round "5"]
[White "Lukez, Franko"]
[Black "Hector, Jonny"]
[Result "0-1"]
[WhiteElo "2295"]
[BlackElo "2446"]
[PlyCount "180"]
[SourceVersionDate "2024.01.28"]

1. Nf3 d5 2. g3 Nc6 3. Bg2 e5 4. d3 f5 5. O-O Nf6 6. c4 dxc4 7. Qa4 Bd6 8. Qxc4
Qe7 9. a3 Bd7 10. b4 b5 11. Qc2 a5 12. bxa5 Rxa5 13. Bb2 O-O 14. Nbd2 Kh8 15.
Nh4 Nd4 16. Bxd4 exd4 17. Nb3 Ra4 18. Bc6 Qf7 19. Rab1 f4 20. Nf3 fxg3 21. hxg3
Qg6 22. Nh4 Qh5 23. Bxd7 Nxd7 24. Nf3 Ne5 25. Nbd2 Rxa3 26. Nxe5 Qxe5 27. Nf3
Qd5 28. Qb2 Ra2 29. Qxd4 Qh5 30. Rb2 Ra4 31. Qe3 Rg4 32. Kg2 Re8 33. Qd2 b4 34.
Rh1 Qg6 35. Rh4 Rxh4 36. Nxh4 Qf6 37. d4 c5 38. dxc5 Bxc5 39. Nf3 Rf8 40. Rb3
g5 41. Qc1 Qe7 42. Qc4 g4 43. Nd4 Qf6 44. f3 Bxd4 45. Qxb4 Re8 46. Qc4 Qe5 47.
Kf1 gxf3 48. Rxf3 Be3 49. Kg2 Bh6 50. Kf2 Bg7 51. Qd3 Qb2 52. Rf4 Qb6+ 53. Kg2
Qc6+ 54. Rf3 Qe6 55. Rf2 Qe3 56. Qxe3 Rxe3 57. Kh3 Be5 58. Rf3 Rxe2 59. Kg4 Kg7
60. Ra3 Rf2 61. Ra7+ Kg6 62. Ra6+ Bf6 63. Ra5 Rb2 64. Ra3 Rb4+ 65. Kh3 Kf5 66.
Rf3+ Kg5 67. Ra3 Be5 68. Rd3 Rb6 69. Ra3 Rh6+ 70. Kg2 Kf5 71. Rf3+ Ke4 72. Ra3
Rd6 73. Ra4+ Bd4 74. Rb4 Ra6 75. Rb3 Ra2+ 76. Kh3 Be3 77. Kg4 Rh2 78. Rb4+ Bd4
79. Ra4 h5+ 80. Kg5 Rh3 81. Rb4 Rxg3+ 82. Kxh5 Rg8 83. Kh4 Ke5 84. Ra4 Bf2+ 85.
Kh3 Kf5 86. Rb4 Be3 87. Rb5+ Kf4 88. Kh2 Kf3 89. Rh5 Bf4+ 90. Kh1 Ra8 0-1

[Event "Elit(Kungstornet-Orgryte)"]
[Site "?"]
[Date "2024.01.20"]
[Round "5"]
[White "Kumar, Rahul"]
[Black "Henriksson, Johan"]
[Result "0-1"]
[WhiteElo "2242"]
[BlackElo "2283"]
[PlyCount "98"]

1. Nf3 d5 2. d4 Nf6 3. e3 e6 4. Bd3 c5 5. b3 Nc6 6. Bb2 cxd4 7. exd4 Be7 8. O-O
O-O 9. Re1 b6 10. a3 Bb7 11. Nbd2 Rc8 12. Qe2 Re8 13. Rad1 Qc7 14. b4 a5 15. b5
Nb8 16. Ne5 Nbd7 17. Rc1 Nxe5 18. dxe5 Nd7 19. c4 Qb8 20. cxd5 Bxd5 21. Nc4 Nc5
22. Bc2 Red8 23. Nd6 Bxd6 24. exd6 Qxd6 25. Qh5 g6 26. Qg5 Nd7 27. h4 Re8 28.
h5 Qe7 29. Qg3 e5 30. Bb1 Rxc1 31. Rxc1 Nf6 32. hxg6 fxg6 33. Re1 Nd7 34. a4
Bf7 35. Be4 Nc5 36. Bc6 Rd8 37. Rxe5 Rd1+ 38. Kh2 Qd8 39. Bf3 Rd3 40. Re2 Nxa4
41. Ba1 Nc5 42. Qf4 Ne6 43. Qh6 Qg5 44. Qxg5 Nxg5 45. Bc6 Ne6 46. Be4 Rd1 47.
Bf6 Nc5 48. Bc2 Rd7 49. g4 Bc4 0-1

[Event "Elit(Wasa-Vasteras)"]
[Site "?"]
[Date "2024.01.20"]
[Round "5"]
[White "Hamark, Jesper"]
[Black "Cramling, Pia"]
[Result "0-1"]
[WhiteElo "2309"]
[BlackElo "2437"]
[PlyCount "68"]

1. e4 c5 2. Nc3 Nc6 3. Bb5 Nd4 4. Nf3 e6 5. O-O a6 6. Bd3 Nxf3+ 7. Qxf3 Bd6 8.
b3 Qc7 9. Qh3 Ne7 10. Bb2 Be5 11. f4 Bd4+ 12. Kh1 b5 13. Rae1 Bb7 14. Nd1 Bxb2
15. Nxb2 Ng6 16. e5 Qd8 17. Be4 Bxe4 18. Rxe4 Ne7 19. Nd3 Rc8 20. g4 c4 21. Ne1
Qa5 22. bxc4 Qxd2 23. f5 Rxc4 24. Rxc4 Qd5+ 25. Nf3 Qxc4 26. Rf2 h5 27. Rg2
Qf1+ 28. Ng1 Nd5 29. Qh4 Qf4 30. Nh3 Qf1+ 31. Ng1 Ne3 32. Rf2 Qc4 33. Qg5 Nxg4
34. Rg2 Qe4 0-1

[Event "Elit(Eksjo-Limhamn)"]
[Site "?"]
[Date "2024.01.20"]
[Round "5"]
[White "Brynell, Stellan"]
[Black "Malesevic, Nedeljko"]
[Result "1/2-1/2"]
[WhiteElo "2409"]
[BlackElo "2219"]
[PlyCount "104"]
[SourceVersionDate "2024.01.28"]

1. d4 d5 2. c4 e6 3. Nf3 Nf6 4. Nc3 Be7 5. Bg5 c6 6. e3 Nbd7 7. Bd3 O-O 8. O-O
dxc4 9. Bxc4 Nd5 10. Bxe7 Qxe7 11. Rc1 Nxc3 12. Rxc3 e5 13. Bb3 e4 14. Nd2 Nf6
15. Qb1 Re8 16. Rc5 Bg4 17. Re5 Qc7 18. Nxe4 Rxe5 19. Nxf6+ gxf6 20. dxe5 Qxe5
21. h3 Bf5 22. Bc2 Bxc2 23. Qxc2 Rd8 24. b3 c5 25. Rc1 b6 26. Qe2 Kh8 27. Qa6
Qe7 28. a3 Qd7 29. Qc4 Qd5 30. Qf4 Qe5 31. Qf3 Qd6 32. g3 Qe6 33. Rc4 Rd5 34.
Kg2 Kg7 35. h4 f5 36. Qe2 Re5 37. Qb2 f6 38. Qe2 Re4 39. Qd3 Re5 40. Qe2 Re4
41. Kg1 Rxc4 42. bxc4 Qe4 43. f3 Qe5 44. Kg2 Qc3 45. e4 Qe5 46. Qd3 fxe4 47.
fxe4 h5 48. Kf3 Kg6 49. Qd5 Qc3+ 50. Kg2 Qb2+ 51. Kh3 Qe2 52. Qg8+ Kh6 1/2-1/2

[Event "Elit(Kungstornet-Orgryte)"]
[Site "?"]
[Date "2024.01.20"]
[Round "5"]
[White "Andersson, Fredrik"]
[Black "Arnelind, Mikael"]
[Result "1/2-1/2"]
[WhiteElo "2241"]
[BlackElo "2206"]
[PlyCount "41"]

1. d4 Nf6 2. c4 e6 3. Nc3 Bb4 4. Qc2 O-O 5. a3 Bxc3+ 6. Qxc3 b6 7. Bg5 Bb7 8.
f3 h6 9. Bh4 d5 10. e3 Nbd7 11. Nh3 c5 12. dxc5 bxc5 13. Nf2 Qb6 14. Rd1 a5 15.
Be2 a4 16. O-O Ba6 17. Rd2 Rfb8 18. Rc1 Rc8 19. h3 Qc7 20. Bxf6 Nxf6 21. Ng4
1/2-1/2

[Event "Elit(Wasa-Vasteras)"]
[Site "?"]
[Date "2024.01.20"]
[Round "5"]
[White "Engqvist, Thomas"]
[Black "Norberg, Erik"]
[Result "1-0"]
[WhiteElo "2304"]
[BlackElo "2224"]
[PlyCount "105"]

1. e4 g6 2. d4 Bg7 3. Nf3 d6 4. c3 Nf6 5. Bd3 O-O 6. O-O c6 7. Re1 Qc7 8. h3 e5
9. Qc2 h6 10. Be3 Nbd7 11. Nbd2 Rd8 12. a4 Nh5 13. Bf1 Nf8 14. Bd3 Ne6 15. Rad1
Nhf4 16. Bf1 g5 17. dxe5 dxe5 18. Bc4 b5 19. axb5 cxb5 20. Bxb5 Nd4 21. Nxd4
exd4 22. Bxf4 Qxf4 23. Nb3 g4 24. hxg4 Bxg4 25. Be2 Bxe2 26. Rxe2 dxc3 27.
Rxd8+ Rxd8 28. bxc3 Be5 29. g3 Qf3 30. Nd4 Bxd4 31. cxd4 Rxd4 32. e5 Kg7 33. e6
fxe6 34. Qc7+ Qf7 35. Qc3 Qf6 36. Qc7+ Qf7 37. Qe5+ Qf6 38. Qxe6 Qxe6 39. Rxe6
a5 40. Ra6 a4 41. Kg2 Rb4 42. f4 Rc4 43. Kh3 Rb4 44. Kg4 Rc4 45. Kf5 Rc5+ 46.
Ke6 Rc3 47. Ra7+ Kg8 48. g4 Rg3 49. g5 hxg5 50. f5 Rb3 51. f6 Rf3 52. Ra8+ Kh7
53. f7 1-0

[Event "Elit(Eksjo-Limhamn)"]
[Site "?"]
[Date "2024.01.20"]
[Round "5"]
[White "Krantz, Christopher"]
[Black "Lindgren, Philip"]
[Result "0-1"]
[WhiteElo "2257"]
[BlackElo "2385"]
[PlyCount "86"]
[SourceVersionDate "2024.01.28"]

1. Nf3 Nf6 2. b3 d5 3. Bb2 Bg4 4. e3 Nbd7 5. h3 Bh5 6. d3 Bxf3 7. Qxf3 e5 8.
Nd2 Bd6 9. g3 Qe7 10. a3 c6 11. Bg2 O-O 12. O-O Rfe8 13. e4 dxe4 14. Nxe4 Nxe4
15. Qxe4 Nf6 16. Qh4 Bc5 17. b4 Bb6 18. Qc4 Rad8 19. Rae1 Qd6 20. Kh2 a6 21.
Re2 Re6 22. a4 Bd4 23. Qb3 h5 24. Bxd4 Qxd4 25. Rfe1 h4 26. Bf3 b5 27. a5 g6
28. Kg2 Kg7 29. c3 Qxd3 30. Rxe5 Rxe5 31. Rxe5 hxg3 32. Re7 Nd5 33. Bxd5 Rxd5
34. Re3 Qf5 35. Rxg3 Qe4+ 36. Kg1 Qe1+ 37. Kg2 Rd1 38. Re3 Qh1+ 39. Kg3 Rg1+
40. Kf4 Qh2+ 41. Kf3 Qxh3+ 42. Ke2 Qf1+ 43. Kf3 Rg5 0-1

[Event "Elit(Kungstornet-Orgryte)"]
[Site "?"]
[Date "2024.01.20"]
[Round "5"]
[White "Anderzen, Robert"]
[Black "Larsson, Anders"]
[Result "1/2-1/2"]
[WhiteElo "2119"]
[BlackElo "2220"]
[PlyCount "67"]
[SourceVersionDate "2024.01.27"]

1. d4 e6 2. c4 Bb4+ 3. Nd2 d5 4. a3 Be7 5. Ngf3 Nf6 6. Qc2 Nbd7 7. g3 O-O 8.
Bg2 c5 9. O-O Re8 10. dxc5 Nxc5 11. b4 Nce4 12. Nxe4 Nxe4 13. cxd5 exd5 14. Bb2
Bf5 15. Qb3 Bf6 16. Rfd1 Bxb2 17. Qxb2 Qf6 18. Qxf6 Nxf6 19. Nd4 Bd7 20. Rdc1
Rac8 21. Kf1 Kf8 22. Ke1 Ke7 23. h3 Kd6 24. Kd2 Ne4+ 25. Bxe4 Rxc1 26. Rxc1
Rxe4 27. e3 Re8 28. h4 h6 29. Kd3 a6 30. Kd2 Rh8 31. Kc3 Rc8+ 32. Kb2 Re8 33.
Kb3 b6 34. a4 1/2-1/2

[Event "Elit(Wasa-Vasteras)"]
[Site "?"]
[Date "2024.01.20"]
[Round "5"]
[White "Norberg, Johan"]
[Black "Ostlund, Joar"]
[Result "1/2-1/2"]
[WhiteElo "2263"]
[BlackElo "2328"]
[PlyCount "103"]

1. Nf3 Nf6 2. g3 b5 3. Bg2 Bb7 4. O-O e6 5. b3 Be7 6. Bb2 O-O 7. c4 bxc4 8.
bxc4 c5 9. d3 Nc6 10. Nbd2 Rb8 11. Rb1 Qa5 12. a3 Rfd8 13. Qc2 Ba8 14. Bc3 Qa6
15. Rxb8 Rxb8 16. Rb1 Rxb1+ 17. Nxb1 d6 18. Qb3 Nd7 19. Ne1 Qc8 20. Nc2 Nce5
21. Bxa8 Qxa8 22. Nd2 h5 23. f4 Nc6 24. Nf3 Nb6 25. Ne3 Qd8 26. Qb5 Qd7 27. a4
Nb8 28. a5 Qxb5 29. cxb5 Na4 30. Bd2 Kf8 31. Nd1 Bf6 32. e4 Nd7 33. Kf2 Ke8 34.
Ne3 Kd8 35. Nc4 Be7 36. d4 d5 37. exd5 exd5 38. Nce5 Nxe5 39. Nxe5 Kc7 40. Nc6
Bf6 41. dxc5 a6 42. Nb4 axb5 43. Nxd5+ Kc6 44. a6 Nxc5 45. a7 Kb7 46. Nc7 Kxa7
47. Nxb5+ Kb6 48. Nd6 Kc6 49. Nxf7 Kd5 50. Be3 Nd7 51. Kf3 Ke6 52. Ng5+ 1/2-1/2

[Event "Elit(Eksjo-Limhamn)"]
[Site "?"]
[Date "2024.01.20"]
[Round "5"]
[White "Penalver, Osmani"]
[Black "Johnson, Bjorn"]
[Result "1-0"]
[WhiteElo "2311"]
[BlackElo "2194"]
[PlyCount "99"]
[SourceVersionDate "2024.01.28"]

1. d4 e6 2. c4 f5 3. g3 Nf6 4. Bg2 d5 5. Nf3 c6 6. O-O Bd6 7. Nc3 O-O 8. Rb1 b6
9. Ne5 Bxe5 10. dxe5 Ne4 11. cxd5 Nxc3 12. bxc3 exd5 13. Ba3 Re8 14. Bd6 Be6
15. a4 Qc8 16. c4 dxc4 17. e4 fxe4 18. Bxe4 Bf5 19. Qc2 Bxe4 20. Qxe4 Qe6 21.
Rbd1 Nd7 22. f4 c3 23. f5 Qb3 24. Rb1 Qd5 25. Rfe1 Qxe4 26. Rxe4 Nf6 27. Rc4
Nd5 28. Kf2 Rac8 29. Ke2 b5 30. Rc5 a6 31. Kd3 Kf7 32. g4 g6 33. e6+ Kf6 34.
Ke4 gxf5+ 35. gxf5 Rg8 36. Be5+ Ke7 37. axb5 axb5 38. Ra1 Rg4+ 39. Kf3 Rg5 40.
Ra7+ Ke8 41. Rf7 b4 42. h4 Rg8 43. Rxh7 Rf8 44. Ke4 b3 45. Rb7 Rg8 46. f6 Rg4+
47. Kf3 Nxf6 48. Bxf6 Rg6 49. Bxc3 Rxe6 50. Rh5 1-0

[ePGN "0.1;DGT LiveChess/2.2.6"]

[Event "Elit(Kungstornet-Orgryte)"]
[Site "?"]
[Date "2024.01.20"]
[Round "5"]
[White "Couso, Luis"]
[Black "Eksmyr, Johan"]
[Result "1-0"]
[WhiteElo "2245"]
[BlackElo "2078"]
[PlyCount "89"]
[EventDate "2024.??.??"]
[SourceVersionDate "2024.02.02"]

1. c4 e5 2. g3 Nc6 3. Nc3 Bb4 4. Nd5 Bc5 5. Bg2 Nf6 6. e3 d6 7. a3 a5 8. Ne2
Nxd5 9. cxd5 Ne7 10. O-O a4 11. d4 Bb6 12. dxe5 dxe5 13. Nc3 Bd7 14. e4 h5 15.
h4 Nc8 16. Qe2 Nd6 17. Be3 Bxe3 18. Qxe3 Qe7 19. Rac1 O-O 20. Qg5 Qxg5 21. hxg5
f6 22. f4 exf4 23. gxf6 fxg3 24. e5 gxf6 25. exd6 cxd6 26. Ne4 f5 27. Nxg3 h4
28. Nh5 Rae8 29. Rc7 Bb5 30. Rf2 Re1+ 31. Kh2 Re5 32. Nf4 Rf7 33. Rc8+ Kg7 34.
Bh3 Kf6 35. Rg8 Re3 36. Rg6+ Ke7 37. Re6+ Rxe6 38. dxe6 Rg7 39. Bxf5 Bc6 40.
Ng6+ Kf6 41. Nxh4 Rg5 42. Bh3+ Kg7 43. Rf7+ Kh8 44. e7 Rg8 45. Rf8 1-0